[Event "Open Bicentenario Móstoles 1808"]
[Site "Móstoles ESP"]
[Date "2008.05.21"]
[Round "2.24"]
[White "Perez Cristobal, Alberto"]
[Black "Fernandez Garcia, Ignacio"]
[Result "0-1"]
[WhiteElo "1792"]
[BlackElo "1992"]
[PlyCount "106"]
[EventDate "2008.05.20"]
[EventType "swiss"]
[EventRounds "1"]
[EventCountry "ESP"]
[Source "lmi"]
[SourceDate "2008.05.20"]

1. e4 e6 2. d4 d5 3. exd5 exd5 4. Bd3 Nf6 5. Ne2 Bd6 6. O-O O-O 7. Bf4 Bg4 8.
Bxd6 Qxd6 9. f3 Bh5 10. Ng3 Bg6 11. Bxg6 hxg6 12. Nd2 Qb6 13. Nb3 Nbd7 14. c3
Ne5 15. Kh1 Nc4 16. Rf2 Rfe8 17. Nf1 Re7 18. Re2 Rae8 19. Rxe7 Rxe7 20. Qc2 Nh5
21. Nbd2 Re2 22. Nxc4 Rxc2 23. Nxb6 axb6 24. Rb1 Nf4 25. g3 Nh3 26. Ne3 Re2 27.
Nxd5 Ng5 28. Rf1 c6 29. Nxb6 Rxb2 30. Nc4 Rxa2 31. Nd6 Rb2 32. f4 Nh7 33. Kg1
Nf6 34. Rf2 Rb1+ 35. Kg2 Nd5 36. Rf3 Kf8 37. c4 Ne7 38. Re3 Rd1 39. d5 cxd5 40.
cxd5 b6 41. Nc4 b5 42. Nb6 Nxd5 43. Nxd5 Rxd5 44. Rb3 Ke7 45. Kf3 Kd6 46. Ke4
f5+ 47. Ke3 Kc5 48. h3 Kc4 49. Rb1 Rd3+ 50. Kf2 b4 51. Rc1+ Rc3 52. Re1 b3 53.
Re7 b2 0-1

[Event "Open Bicentenario Móstoles 1808"]
[Site "Móstoles ESP"]
[Date "2008.05.21"]
[Round "2.25"]
[White "Cabañas Bravo, Juan Andres"]
[Black "Sierra Bermejo, Gregorio"]
[Result "1-0"]
[WhiteElo "1959"]
[BlackElo "1793"]
[PlyCount "54"]
[EventDate "2008.05.20"]
[EventType "swiss"]
[EventRounds "1"]
[EventCountry "ESP"]
[Source "lmi"]
[SourceDate "2008.05.20"]

1. e4 e5 2. c3 Nf6 3. d4 Nxe4 4. dxe5 d5 5. exd6 Bxd6 6. Qa4+ Nc6 7. Qxe4+ Be6
8. Bd3 Qe7 9. Be3 f5 10. Qa4 O-O 11. Ne2 Ne5 12. Bc2 Bc4 13. Bb3 Bxb3 14. Qxb3+
Kh8 15. c4 Bb4+ 16. Kf1 Rad8 17. Nbc3 Ng4 18. Nd5 Rxd5 19. cxd5 Bd6 20. h3
Nxe3+ 21. Qxe3 Qf6 22. Nc3 a6 23. Rd1 Qh4 24. g3 Qc4+ 25. Qe2 Qb4 26. a3 Qb3
27. f4 b5 1-0

[Event "Open Bicentenario Móstoles 1808"]
[Site "Móstoles ESP"]
[Date "2008.05.21"]
[Round "2.26"]
[White "Gutierrez Garcia, Alberto"]
[Black "Camarero Izquierdo, Juan Carlos"]
[Result "0-1"]
[WhiteElo "1787"]
[BlackElo "1959"]
[PlyCount "40"]
[EventDate "2008.05.20"]
[EventType "swiss"]
[EventRounds "1"]
[EventCountry "ESP"]
[Source "lmi"]
[SourceDate "2008.05.20"]

1. e4 e6 2. d4 d5 3. exd5 exd5 4. c4 Nf6 5. Nc3 Bb4 6. a3 Bxc3+ 7. bxc3 O-O 8.
Nf3 Re8+ 9. Ne5 Ne4 10. Bd3 f6 11. Bxe4 dxe4 12. Ng4 Nc6 13. O-O f5 14. Ne3 Qh4
15. Nd5 Be6 16. Nxc7 Bxc4 17. Re1 f4 18. Qd2 e3 19. fxe3 fxe3 20. Rxe3 Rf8 0-1

[Event "Open Bicentenario Móstoles 1808"]
[Site "Móstoles ESP"]
[Date "2008.05.21"]
[Round "2.27"]
[White "Beltran de Heredia Eguiazabal, Miguel Angel"]
[Black "Benitez Cadenas, Luis Miguel"]
[Result "1-0"]
[WhiteElo "1948"]
[BlackElo "1791"]
[PlyCount "120"]
[EventDate "2008.05.20"]
[EventType "swiss"]
[EventRounds "1"]
[EventCountry "ESP"]
[Source "lmi"]
[SourceDate "2008.05.20"]

1. e4 e5 2. Nf3 Nf6 3. Nxe5 d6 4. Nf3 Nxe4 5. d4 d5 6. Bd3 Bd6 7. O-O O-O 8. c4
c6 9. cxd5 cxd5 10. Nc3 Nxc3 11. bxc3 Nd7 12. Rb1 h6 13. Re1 Qc7 14. Bd2 Nf6
15. Qb3 Rb8 16. h3 Be6 17. Ne5 Rfe8 18. Qd1 Red8 19. Qf3 Ne4 20. Bxe4 Bxe5 21.
Bd3 Bh2+ 22. Kh1 Bd6 23. Bc2 Qc4 24. Bb3 Qa6 25. Qh5 Bf8 26. Rb2 Qd3 27. Bc2 g6
28. Qxg6+ fxg6 29. Bxd3 Bf7 30. Reb1 b6 31. Ba6 Be8 32. Bf4 Rbc8 33. Bxc8 Rxc8
34. Re1 Bd7 35. Re3 Bg7 36. Be5 Bf8 37. f4 Ba3 38. Rf2 Bf8 39. g4 Rc6 40. f5 g5
41. Kg2 Kf7 42. Kg3 Be7 43. Rfe2 Bd8 44. Kf2 b5 45. Rb2 a6 46. a4 Rb6 47. axb5
Bxb5 48. Bg3 Bf6 49. Ke1 Rc6 50. Kd2 Kf8 51. Rb1 Kf7 52. Rbe1 Rc4 53. Re6 Ra4
54. Kc2 Ra2+ 55. Kb1 Ra3 56. Kb2 Ra4 57. Be5 Be7 58. Rxh6 Ba3+ 59. Kb3 Bf8 60.
Rh7+ Kg8 1-0

[Event "Open Bicentenario Móstoles 1808"]
[Site "Móstoles ESP"]
[Date "2008.05.21"]
[Round "2.28"]
[White "Argumanez Avendaño, Juan Antonio"]
[Black "Montero Garcia, Francisco Javier"]
[Result "0-1"]
[WhiteElo "1774"]
[BlackElo "1902"]
[PlyCount "66"]
[EventDate "2008.05.20"]
[EventType "swiss"]
[EventRounds "1"]
[EventCountry "ESP"]
[Source "lmi"]
[SourceDate "2008.05.20"]

1. e4 c5 2. Nf3 e6 3. d4 cxd4 4. Nxd4 Nf6 5. Nc3 Nc6 6. Be3 Bb4 7. f3 d5 8.
Nxc6 bxc6 9. e5 Nd7 10. f4 O-O 11. Be2 c5 12. Bd2 Qb6 13. O-O Ba6 14. a3 Bxe2
15. Qxe2 Bxc3 16. bxc3 Rab8 17. a4 Qb2 18. Rfc1 Rb7 19. a5 Rfb8 20. Qd1 a6 21.
Rcb1 Qxb1 22. Rxb1 Rxb1 23. Bc1 Ra1 24. Kf2 Rbb1 25. Qd3 Rxc1 26. Qxa6 Rxc2+
27. Ke3 Rxc3+ 28. Kd2 d4 29. Qc8+ Nf8 30. a6 Ra2+ 31. Kd1 d3 32. Qb7 d2 33. a7
Rc1+ 0-1

[Event "Open Bicentenario Móstoles 1808"]
[Site "Móstoles ESP"]
[Date "2008.05.21"]
[Round "2.29"]
[White "Fernandez Fernandez, Jose A"]
[Black "Fernandez Martinez, Jose"]
[Result "1/2-1/2"]
[WhiteElo "1899"]
[BlackElo "1785"]
[PlyCount "103"]
[EventDate "2008.05.20"]
[EventType "swiss"]
[EventRounds "1"]
[EventCountry "ESP"]
[Source "lmi"]
[SourceDate "2008.05.20"]

1. e4 c5 2. Nf3 e6 3. d4 cxd4 4. Nxd4 Nf6 5. Nc3 d6 6. Bg5 Be7 7. f4 a6 8. Qf3
h6 9. Bxf6 Bxf6 10. O-O-O Qc7 11. Qd3 O-O 12. Be2 b5 13. Bf3 Bb7 14. h4 Be7 15.
g4 Nc6 16. g5 Nxd4 17. Qxd4 e5 18. fxe5 Rfd8 19. e6 hxg5 20. exf7+ Kf8 21. hxg5
Bxg5+ 22. Kb1 Bf6 23. Qb4 Kxf7 24. Qb3+ Qc4 25. Qxc4+ bxc4 26. Nd5 Bxd5 27.
exd5 Rab8 28. b3 cxb3 29. cxb3 Rh8 30. Bh5+ g6 31. Bg4 Rxh1 32. Rxh1 Rh8 33.
Rxh8 Bxh8 34. b4 Bc3 35. a3 a5 36. b5 Bd4 37. Kc2 Kf6 38. Kd3 Bc5 39. a4 Kg5
40. Be6 Kf4 41. Ke2 g5 42. Kf1 Kg3 43. Bf5 Kf3 44. Bh3 Ke4 45. Bg2+ Ke3 46. Bh1
Kd3 47. Bf3 Kc3 48. Kg2 Kc4 49. Kg3 Be3 50. Kg4 Kb4 51. Bd1 Kc5 52. Bf3 1/2-1/2

[Event "Open Bicentenario Móstoles 1808"]
[Site "Móstoles ESP"]
[Date "2008.05.21"]
[Round "2.30"]
[White "Ramos Garcia, Raul"]
[Black "Rodriguez Bachiller, Luis"]
[Result "0-1"]
[WhiteElo "1753"]
[BlackElo "1898"]
[PlyCount "89"]
[EventDate "2008.05.20"]
[EventType "swiss"]
[EventRounds "1"]
[EventCountry "ESP"]
[Source "lmi"]
[SourceDate "2008.05.20"]

1. e4 c5 2. c3 d5 3. e5 Nc6 4. d4 Bf5 5. g4 Be4 6. f3 Bxb1 7. Rxb1 e6 8. a3
Qh4+ 9. Ke2 h5 10. h3 hxg4 11. fxg4 Qh7 12. Qd3 cxd4 13. Qxh7 Rxh7 14. Nf3 Bc5
15. b4 Bb6 16. b5 Na5 17. cxd4 Rc8 18. Kf2 f6 19. Bd3 Rh8 20. Bg6+ Kd7 21. Kg2
Ne7 22. Bd3 Rc3 23. Rd1 Nc4 24. Bxc4 Rxc4 25. Rd3 Rhc8 26. Be3 Ng6 27. exf6
gxf6 28. Rbd1 Bc7 29. h4 Rc2+ 30. R3d2 Nf4+ 31. Kf1 Rc3 32. Kf2 Rxa3 33. Bxf4
Bxf4 34. Rd3 Rc2+ 35. Kf1 Raa2 36. g5 Rf2+ 37. Kg1 fxg5 38. hxg5 Rg2+ 39. Kh1
Bxg5 40. Nxg5 Rxg5 41. R3d2 Rxd2 42. Rxd2 Rg4 43. Kh2 Kc7 44. Kh3 Re4 45. Kg3
0-1

[Event "Open Bicentenario Móstoles 1808"]
[Site "Móstoles ESP"]
[Date "2008.05.21"]
[Round "2.31"]
[White "Galan Aguado, Fernando"]
[Black "Martinez Miura, Enrique"]
[Result "0-1"]
[WhiteElo "1888"]
[BlackElo "1761"]
[PlyCount "82"]
[EventDate "2008.05.20"]
[EventType "swiss"]
[EventRounds "1"]
[EventCountry "ESP"]
[Source "lmi"]
[SourceDate "2008.05.20"]

1. d4 e6 2. Nf3 Nf6 3. e3 Be7 4. Bd3 O-O 5. O-O d5 6. b3 c5 7. Bb2 b6 8. Ne5
Bb7 9. Qf3 Qc7 10. Qh3 g6 11. Nd2 Nc6 12. a3 Nxe5 13. dxe5 Ne4 14. Bxe4 dxe4
15. Rad1 Rfd8 16. Qg4 Qc6 17. h4 h5 18. Qh3 Kg7 19. Qg3 Ba6 20. Rfe1 c4 21. Bc1
cxb3 22. c4 Bxc4 23. Bb2 Rd3 24. Qf4 Bd5 25. Rc1 Qb7 26. Nc4 Bxc4 27. Rxc4 Rad8
28. Bd4 Rc8 29. Rxc8 Qxc8 30. Qxe4 Qc2 31. Qb7 Bxh4 32. g3 Rd2 33. Rf1 Bg5 34.
f4 Be7 35. f5 gxf5 36. Qf3 b2 37. Bxb2 Qxb2 38. Qxh5 Rg2+ 39. Kh1 Qe2 40. Rf3
Rf2 41. Rxf5 Qe1# 0-1

[Event "Open Bicentenario Móstoles 1808"]
[Site "Móstoles ESP"]
[Date "2008.05.21"]
[Round "2.32"]
[White "Prieto Velasco, Rafael"]
[Black "Avendaño Mateos, Jose"]
[Result "1/2-1/2"]
[WhiteElo "1568"]
[BlackElo "1882"]
[PlyCount "88"]
[EventDate "2008.05.20"]
[EventType "swiss"]
[EventRounds "1"]
[EventCountry "ESP"]
[Source "lmi"]
[SourceDate "2008.05.20"]

1. d4 d5 2. c4 c6 3. Nf3 Nf6 4. Nc3 dxc4 5. a4 Bf5 6. e3 e6 7. Bxc4 Be7 8. Nh4
Bg6 9. Nxg6 hxg6 10. e4 Nbd7 11. Be3 Qc7 12. g3 Rd8 13. Rc1 O-O 14. Qe2 Qa5 15.
O-O c5 16. d5 exd5 17. exd5 a6 18. Rfd1 Bd6 19. Qc2 Rfe8 20. Bg5 Ne5 21. Bxf6
gxf6 22. Be2 f5 23. Nb1 Re7 24. Na3 Rc7 25. Nc4 Nxc4 26. Qxc4 Be5 27. b3 Qb6
28. f4 Bd6 29. Bf3 Bf8 30. Kg2 Qd6 31. Re1 Bg7 32. Re2 a5 33. Qb5 b6 34. Rce1
Rcc8 35. Re8+ Bf8 36. Rxd8 Qxd8 37. h4 Qf6 38. Kh3 Kg7 39. Qd7 Rd8 40. Qc6 Rd6
41. Qc8 Rd8 42. Qc6 Rd6 43. Qc8 Qd8 44. Re8 Qxc8 1/2-1/2

[Event "Open Bicentenario Móstoles 1808"]
[Site "Móstoles ESP"]
[Date "2008.05.21"]
[Round "2.33"]
[White "Corregidor Serrano, Julian"]
[Black "Cortijo Manso, Luis"]
[Result "0-1"]
[WhiteElo "1872"]
[BlackElo "1701"]
[PlyCount "68"]
[EventDate "2008.05.20"]
[EventType "swiss"]
[EventRounds "1"]
[EventCountry "ESP"]
[Source "lmi"]
[SourceDate "2008.05.20"]

1. e4 c5 2. Nf3 d6 3. d4 Nf6 4. Nc3 cxd4 5. Nxd4 e6 6. Be3 a6 7. Be2 Be7 8. f3
Qc7 9. Qd2 Bd7 10. O-O Nc6 11. Rac1 O-O 12. Kh1 Ne5 13. Nd1 Nc4 14. Qc3 Rac8
15. Bxc4 Qxc4 16. Qxc4 Rxc4 17. b3 Rcc8 18. Nf2 h5 19. Rfd1 Nh7 20. c4 Rc7 21.
Nd3 Rfc8 22. Ne2 e5 23. Nb4 Re8 24. Bb6 Rcc8 25. Rd3 f5 26. Nc3 fxe4 27. Nxe4
Bf5 28. Nxd6 Bxd3 29. Nxe8 Bxb4 30. Nc7 Nf6 31. Rd1 e4 32. Ne6 Rc6 33. fxe4
Rxe6 34. Rxd3 Rxb6 0-1

[Event "Open Bicentenario Móstoles 1808"]
[Site "Móstoles ESP"]
[Date "2008.05.22"]
[Round "3.1"]
[White "Sanchez, Joseph"]
[Black "Barria Zuñiga, Daniel"]
[Result "1-0"]
[WhiteElo "2507"]
[BlackElo "2422"]
[PlyCount "44"]
[EventDate "2008.05.20"]
[EventType "swiss"]
[EventRounds "1"]
[EventCountry "ESP"]
[Source "lmi"]
[SourceDate "2008.05.20"]

1. e4 e6 2. d4 d5 3. Nc3 Bb4 4. e5 Ne7 5. a3 Bxc3+ 6. bxc3 c5 7. Qg4 Kf8 8. a4
Qc7 9. Bd3 cxd4 10. Ne2 dxc3 11. f4 Nbc6 12. Ba3 Qb6 13. a5 Nxa5 14. Bxe7+ Kxe7
15. Qxg7 Rf8 16. h4 Bd7 17. Qg5+ Ke8 18. Rh3 Nc6 19. Bxh7 d4 20. Bd3 Qb2 21.
Nxd4 Qxa1+ 22. Kf2 Qa4 1-0

[Event "Open Bicentenario Móstoles 1808"]
[Site "Móstoles ESP"]
[Date "2008.05.22"]
[Round "3.2"]
[White "Morales Rivera, John Alexander"]
[Black "Roa Alonso, Santiago"]
[Result "0-1"]
[WhiteElo "2298"]
[BlackElo "2482"]
[PlyCount "52"]
[EventDate "2008.05.20"]
[EventType "swiss"]
[EventRounds "1"]
[EventCountry "ESP"]
[Source "lmi"]
[SourceDate "2008.05.20"]

1. e4 c5 2. Nf3 e6 3. d4 cxd4 4. Nxd4 a6 5. Bd3 Qb6 6. c3 Nc6 7. O-O Nf6 8.
Nxc6 dxc6 9. Nd2 Qc7 10. f4 e5 11. Nc4 Bc5+ 12. Kh1 Ng4 13. Qe2 Be6 14. b4 Ba7
15. fxe5 O-O 16. Bf4 Rad8 17. Bg3 Bb8 18. Nd6 Qd7 19. Rae1 Nxe5 20. Bxe5 Bxd6
21. Bd4 Bxb4 22. Qf2 f6 23. Rd1 Bd6 24. Qh4 Qe7 25. e5 f5 26. Qh3 Ba3 0-1

[Event "Open Bicentenario Móstoles 1808"]
[Site "Móstoles ESP"]
[Date "2008.05.22"]
[Round "3.3"]
[White "Moreno Ruiz, Javier"]
[Black "Madina Yadarola, Martin"]
[Result "1-0"]
[WhiteElo "2477"]
[BlackElo "2277"]
[PlyCount "151"]
[EventDate "2008.05.20"]
[EventType "swiss"]
[EventRounds "1"]
[EventCountry "ESP"]
[Source "lmi"]
[SourceDate "2008.05.20"]

1. d4 Nf6 2. c4 g6 3. Nc3 Bg7 4. e4 d6 5. Nf3 O-O 6. Be2 Bg4 7. Be3 Nfd7 8. Qb3
Qc8 9. h3 Bxf3 10. Bxf3 Nc6 11. Rd1 e5 12. dxe5 dxe5 13. Ne2 Nd4 14. Nxd4 exd4
15. Bxd4 Bxd4 16. Rxd4 Nc5 17. Qd1 Ne6 18. Rd5 c6 19. Rd6 Qc7 20. O-O Rad8 21.
e5 Qa5 22. Qe2 Nd4 23. Qe4 Nxf3+ 24. gxf3 Rde8 25. f4 Qxa2 26. b4 Qb3 27. Rfd1
Qxh3 28. R1d3 Qh4 29. c5 Re6 30. Kg2 Rfe8 31. Rh3 Qg4+ 32. Rg3 Qh4 33. Qf3 Qe7
34. Qg4 Kh8 35. Rgd3 Qf8 36. Rd7 R8e7 37. Rd8 Re8 38. Qh4 Kg7 39. R8d7 R8e7 40.
Rd8 Re8 41. Rh3 h5 42. Rd7 R8e7 43. Rd6 Re8 44. Rg3 Qe7 45. Qxh5 Rh8 46. Qg4
Qh4 47. Qxh4 Rxh4 48. f5 Rxe5 49. fxg6 fxg6 50. Rdxg6+ Kf7 51. Rg7+ Ke6 52.
Rxb7 a5 53. bxa5 Rxc5 54. a6 Ra4 55. a7 Rca5 56. Rg6+ Kf5 57. Rxc6 Rxa7 58.
Rb5+ Ke4 59. f3+ Kd4 60. Rg6 Ra2+ 61. Kg3 Ra1 62. Rg4+ Kd3 63. Rd5+ Ke2 64.
Re4+ Kf1 65. Rh5 Kg1 66. Reh4 Rg7+ 67. Rg4 Rf7 68. Rb5 Rf1 69. f4 Ra7 70. Rb2
Ra3+ 71. Kh4+ Kh1 72. Rb5 Ra2 73. Rh5 Rh2+ 74. Kg5 Ra1 75. Rxh2+ Kxh2 76. f5
1-0

[Event "Open Bicentenario Móstoles 1808"]
[Site "Móstoles ESP"]
[Date "2008.05.22"]
[Round "3.4"]
[White "Lopez Rodriguez, Walter"]
[Black "Kovacevic, Slobodan"]
[Result "1-0"]
[WhiteElo "2167"]
[BlackElo "2426"]
[PlyCount "68"]
[EventDate "2008.05.20"]
[EventType "swiss"]
[EventRounds "1"]
[EventCountry "ESP"]
[Source "lmi"]
[SourceDate "2008.05.20"]

1. d4 Nf6 2. c4 e6 3. Nc3 c5 4. d5 exd5 5. cxd5 d6 6. e4 g6 7. f4 Bg7 8. Bb5+
Nfd7 9. Be2 O-O 10. Nf3 Na6 11. O-O Nc7 12. Bd2 a6 13. a4 Rb8 14. a5 Re8 15.
Qc2 Nf6 16. Rad1 Bg4 17. h3 Bxf3 18. Rxf3 Nd7 19. Be1 Bd4+ 20. Kh1 Qe7 21. Bd3
Bg7 22. e5 Qf8 23. Bg3 f5 24. exf6 Nxf6 25. Bh4 Kh8 26. Bc4 Bh6 27. g4 Nd7 28.
Ne4 Bg7 29. Ng5 Qe7 30. Re1 Qxe1+ 31. Bxe1 Rxe1+ 32. Kg2 Ne8 33. h4 Nef6 34.
Ne6 Ne8 1-0

[Event "Open Bicentenario Móstoles 1808"]
[Site "Móstoles ESP"]
[Date "2008.05.22"]
[Round "3.6"]
[White "Vega Gomez, Francisco Borja"]
[Black "Lariño Nieto, David"]
[Result "1/2-1/2"]
[WhiteElo "2150"]
[BlackElo "2422"]
[PlyCount "137"]
[EventDate "2008.05.20"]
[EventType "swiss"]
[EventRounds "1"]
[EventCountry "ESP"]
[Source "lmi"]
[SourceDate "2008.05.20"]

1. Nf3 e6 2. g3 c5 3. Bg2 Nc6 4. d4 cxd4 5. Nxd4 Qa5+ 6. Bd2 Qb6 7. Nb3 d5 8.
a4 Nf6 9. a5 Qc7 10. Nc3 Bb4 11. O-O Qe7 12. e4 d4 13. Nd5 exd5 14. exd5 Bg4
15. f3 Nxd5 16. fxg4 Ne3 17. Bxe3 dxe3 18. Qe2 O-O 19. a6 Rac8 20. axb7 Qxb7
21. Qxe3 Qb8 22. Bxc6 Rxc6 23. Qxa7 Rxc2 24. Qxb8 Rxb8 25. Rf2 Rxf2 26. Kxf2
Bf8 27. Nd2 Rxb2 28. Ke3 g6 29. g5 h6 30. h4 hxg5 31. hxg5 Bc5+ 32. Kd3 Be7 33.
Ne4 Rb5 34. Ra8+ Kg7 35. Ra7 Rd5+ 36. Kc4 Re5 37. Kd4 Re6 38. Kd5 Bb4 39. Ra8
Rb6 40. Nf6 Rb5+ 41. Kc4 Rxg5 42. Ne8+ Kh6 43. Kxb4 Rxg3 44. Kc4 f5 45. Kd4 Kg5
46. Nd6 Rg1 47. Ke3 Rd1 48. Nc4 Rc1 49. Nd2 Rc3+ 50. Ke2 Kg4 51. Ra4+ f4 52.
Rc4 Ra3 53. Rc2 g5 54. Kf2 Re3 55. Nf1 Ra3 56. Rd2 Rb3 57. Kg2 Kh4 58. Rd8 Rb2+
59. Rd2 Rb5 60. Rd8 Rb2+ 61. Rd2 Rb7 62. Rd8 Rb3 63. Rh8+ Kg4 64. Nh2+ Kf5 65.
Rf8+ Kg6 66. Rg8+ Kf7 67. Rxg5 Rg3+ 68. Rxg3 fxg3 69. Kxg3 1/2-1/2

[Event "Open Bicentenario Móstoles 1808"]
[Site "Móstoles ESP"]
[Date "2008.05.22"]
[Round "3.7"]
[White "Vazquez Gonzalez, Jesus"]
[Black "Lopez Andujar Ocana, Antonio"]
[Result "0-1"]
[WhiteElo "2079"]
[BlackElo "2167"]
[PlyCount "76"]
[EventDate "2008.05.20"]
[EventType "swiss"]
[EventRounds "1"]
[EventCountry "ESP"]
[Source "lmi"]
[SourceDate "2008.05.20"]

1. e4 e5 2. Nf3 Nc6 3. d4 exd4 4. Nxd4 Bb4+ 5. c3 Be7 6. g3 d6 7. Bg2 Nf6 8.
O-O O-O 9. Re1 Bg4 10. Qb3 Ne5 11. f3 Bd7 12. Rd1 c5 13. Nf5 Bxf5 14. exf5 c4
15. Qxb7 Nd3 16. Be3 Rb8 17. Qxa7 Rxb2 18. Nd2 d5 19. Rab1 Bd6 20. Bf1 Rxb1 21.
Rxb1 Ne5 22. a4 Re8 23. Bf2 h5 24. Rb7 Nfd7 25. f4 Nc6 26. Qa6 Ndb8 27. Qb5 Bc7
28. Nf3 Ba5 29. Ng5 Re7 30. Rxe7 Nxe7 31. Bg2 Bxc3 32. Bb6 Qd7 33. Qxd7 Nxd7
34. Bd8 Bd4+ 35. Kh1 Nc6 36. Bc7 c3 37. Bd6 Bc5 38. Bxd5 c2 0-1

[Event "Open Bicentenario Móstoles 1808"]
[Site "Móstoles ESP"]
[Date "2008.05.22"]
[Round "3.8"]
[White "Hernandez Navas, Francisco Javier"]
[Black "Mirzoev, Azer"]
[Result "0-1"]
[WhiteElo "2037"]
[BlackElo "2543"]
[PlyCount "65"]
[EventDate "2008.05.20"]
[EventType "swiss"]
[EventRounds "1"]
[EventCountry "ESP"]
[Source "lmi"]
[SourceDate "2008.05.20"]

1. c4 c5 2. Nc3 Nf6 3. g3 e6 4. Bg2 d5 5. cxd5 exd5 6. d3 d4 7. Ne4 Nxe4 8.
Bxe4 Nc6 9. Bg2 Bd6 10. e4 dxe3 11. Bxe3 Qf6 12. Qd2 O-O 13. Ne2 Ne5 14. O-O-O
Bf5 15. Be4 c4 16. Bd4 cxd3 17. Nc3 Rac8 18. Kb1 Qg6 19. Bxf5 Qxf5 20. Bxa7
Rfd8 21. f4 Nc6 22. Bb6 Bc7 23. Bxc7 Rxc7 24. Rhe1 h6 25. Re4 Rcd7 26. Qe3 d2
27. a3 Kh7 28. Ka2 Rd3 29. Qe2 Qc5 30. Re8 Qc4+ 31. Kb1 Rxe8 32. Qxe8 Rxc3 33.
Qe1 0-1

[Event "Open Bicentenario Móstoles 1808"]
[Site "Móstoles ESP"]
[Date "2008.05.22"]
[Round "3.9"]
[White "Serrano Salvador, Eduardo"]
[Black "Alcaraz Amoros, Antonio"]
[Result "1-0"]
[WhiteElo "2361"]
[BlackElo "2123"]
[PlyCount "63"]
[EventDate "2008.05.20"]
[EventType "swiss"]
[EventRounds "1"]
[EventCountry "ESP"]
[Source "lmi"]
[SourceDate "2008.05.20"]

1. d4 d5 2. c4 c6 3. Nf3 Nf6 4. e3 e6 5. b3 Nbd7 6. Nbd2 c5 7. Bd3 cxd4 8. exd4
Bd6 9. O-O b6 10. cxd5 Nxd5 11. Nc4 Be7 12. Nce5 Qc7 13. Bb2 Nxe5 14. Nxe5 O-O
15. Rc1 Qd6 16. Qh5 Nf6 17. Qh3 Bb7 18. d5 exd5 19. Nd7 g6 20. Nxf8 Bxf8 21.
Bxf6 Qxf6 22. Qd7 Rb8 23. Rc7 Ba8 24. Rc8 Rxc8 25. Qxc8 Qc6 26. Qxc6 Bxc6 27.
Rc1 Bb7 28. Rc7 Ba8 29. Rxa7 Bc6 30. Rc7 Be8 31. Rc8 Bd7 32. Rb8 1-0

[Event "Open Bicentenario Móstoles 1808"]
[Site "Móstoles ESP"]
[Date "2008.05.22"]
[Round "3.10"]
[White "Estrada Martinez, Cesar"]
[Black "Lopez Heras, Arturo"]
[Result "1-0"]
[WhiteElo "2253"]
[BlackElo "2014"]
[PlyCount "83"]
[EventDate "2008.05.20"]
[EventType "swiss"]
[EventRounds "1"]
[EventCountry "ESP"]
[Source "lmi"]
[SourceDate "2008.05.20"]

1. Nf3 d6 2. d4 Bg4 3. e4 Nd7 4. Be2 Ngf6 5. Nc3 e5 6. O-O Be7 7. Bg5 O-O 8.
Qd2 c6 9. Rad1 Qc7 10. h3 Bxf3 11. Bxf3 Rad8 12. Rfe1 Rfe8 13. g3 h6 14. Be3
exd4 15. Bxd4 Ne5 16. Bg2 c5 17. Be3 Nc4 18. Qc1 Nxe3 19. Qxe3 a6 20. Rd2 b5
21. Red1 b4 22. Ne2 Nd7 23. Nf4 Nb6 24. b3 Bf6 25. Qf3 Qe7 26. Qd3 Bc3 27. Re2
g5 28. Nh5 c4 29. Qe3 cxb3 30. cxb3 Nd7 31. f4 Nc5 32. Rd5 f6 33. Qf3 Qf7 34.
fxg5 hxg5 35. Rf5 Nd7 36. h4 gxh4 37. Qg4+ Kf8 38. Qxh4 Re5 39. Nxf6 Rxf5 40.
Nxd7+ Rxd7 41. exf5 Qxf5 42. Rf2 1-0

[Event "Open Bicentenario Móstoles 1808"]
[Site "Móstoles ESP"]
[Date "2008.05.22"]
[Round "3.11"]
[White "Martinez Tormo, Jorge"]
[Black "Cabañas Jimenez, Manuel"]
[Result "1/2-1/2"]
[WhiteElo "2219"]
[BlackElo "2032"]
[PlyCount "51"]
[EventDate "2008.05.20"]
[EventType "swiss"]
[EventRounds "1"]
[EventCountry "ESP"]
[Source "lmi"]
[SourceDate "2008.05.20"]

1. e4 c5 2. Nf3 Qa5 3. Nc3 e6 4. g3 Nc6 5. Bg2 Nf6 6. O-O d6 7. d4 e5 8. dxe5
dxe5 9. Nd5 Be6 10. Re1 c4 11. Bd2 Qd8 12. Bg5 Be7 13. Bxf6 Bxf6 14. Nd2 Na5
15. b4 cxb3 16. axb3 Nc6 17. Nc4 O-O 18. Nce3 Bg5 19. f4 Bh6 20. f5 Bxe3+ 21.
Rxe3 Bxd5 22. exd5 Qb6 23. Qd2 Nd4 24. Be4 Rac8 25. Ra2 Rfd8 26. Rb2 1/2-1/2

[Event "Open Bicentenario Móstoles 1808"]
[Site "Móstoles ESP"]
[Date "2008.05.22"]
[Round "3.12"]
[White "Toranzo Fernandez, Dionisio"]
[Black "Dolezal, Cristian"]
[Result "0-1"]
[WhiteElo "2011"]
[BlackElo "2436"]
[PlyCount "72"]
[EventDate "2008.05.20"]
[EventType "swiss"]
[EventRounds "1"]
[EventCountry "ESP"]
[Source "lmi"]
[SourceDate "2008.05.20"]

1. Nf3 g6 2. d4 Bg7 3. c4 c5 4. e4 d6 5. dxc5 dxc5 6. Qxd8+ Kxd8 7. Nc3 Bxc3+
8. bxc3 b6 9. Bf4 Nc6 10. Ne5 Nxe5 11. Bxe5 f6 12. Bf4 e5 13. Be3 Ne7 14. Bh6
Rg8 15. f4 Nc6 16. Be2 Be6 17. O-O-O+ Ke7 18. h4 exf4 19. Bxf4 Rad8 20. Rd5
Bxd5 21. cxd5 Ne5 22. Kc2 h5 23. Rb1 Nf7 24. Be3 Nd6 25. Kd3 Rde8 26. c4 Kd7
27. Bf3 f5 28. exf5 Rxe3+ 29. Kxe3 Nxf5+ 30. Kf4 Nxh4 31. Kg5 Nxf3+ 32. gxf3
Rf8 33. Rf1 h4 34. f4 h3 35. Kxg6 h2 36. f5 Rg8+ 0-1

[Event "Open Bicentenario Móstoles 1808"]
[Site "Móstoles ESP"]
[Date "2008.05.22"]
[Round "3.13"]
[White "Montero Garcia, Francisco Javier"]
[Black "Sanchez Naranjo, Jose Manuel"]
[Result "1/2-1/2"]
[WhiteElo "1902"]
[BlackElo "2134"]
[PlyCount "39"]
[EventDate "2008.05.20"]
[EventType "swiss"]
[EventRounds "1"]
[EventCountry "ESP"]
[Source "lmi"]
[SourceDate "2008.05.20"]

1. e4 c5 2. Nf3 Nc6 3. d4 cxd4 4. Nxd4 Nf6 5. Nc3 e5 6. Ndb5 d6 7. Bg5 a6 8.
Na3 b5 9. Nd5 Be7 10. Bxf6 Bxf6 11. c4 Bg5 12. cxb5 Nd4 13. b6 O-O 14. Bc4 Bb7
15. O-O Rb8 16. b3 Bxd5 17. Bxd5 Qxb6 18. Nc4 Qc5 19. Qh5 Bh6 20. Rad1 1/2-1/2

[Event "Open Bicentenario Móstoles 1808"]
[Site "Móstoles ESP"]
[Date "2008.05.22"]
[Round "3.14"]
[White "Alvarez Abejon, Amilcar"]
[Black "Rodriguez Bachiller, Luis"]
[Result "1-0"]
[WhiteElo "2108"]
[BlackElo "1898"]
[PlyCount "53"]
[EventDate "2008.05.20"]
[EventType "swiss"]
[EventRounds "1"]
[EventCountry "ESP"]
[Source "lmi"]
[SourceDate "2008.05.20"]

1. e4 d6 2. d4 Nf6 3. Nc3 g6 4. Be3 Bg7 5. Qd2 O-O 6. O-O-O c6 7. f3 b5 8. Bh6
a5 9. h4 a4 10. h5 b4 11. Nce2 b3 12. cxb3 axb3 13. a3 Qa5 14. Nc3 c5 15. Bxg7
Kxg7 16. Bc4 e6 17. hxg6 fxg6 18. Qh6+ Kg8 19. e5 Nh5 20. g4 cxd4 21. gxh5 Qxe5
22. hxg6 Qf4+ 23. Qxf4 Rxf4 24. gxh7+ Kh8 25. Nge2 Rxf3 26. Rdg1 Rf8 27. Nf4
1-0